Statystyki dla Karty frakcji Potwory w grze Gwint

Kliknij tutaj aby rozwiązać quiz!

Ogólne statystyki

  • Ten quiz został rozwiązany 11 razy
  • Średni wynik to 45 z 146

Statystyki odpowiedzi

HintOdpowiedź% Poprawnych
13 - 1Odrodzony Regis
78%
4 - 3Bruxa
67%
10 - 6Dettlaff: Wampir Wyższy
67%
4 - 3Północnica
67%
4 - 6Południca
67%
4 - 2Utopiec
67%
5 - 9Gryf
56%
9 - 3Imlerith
56%
10 - 4 (2)Kościej
56%
12 - 6Król Auberon
56%
7 - 6Kuchta
56%
4 - 1Nekker
56%
8 - 1Ozzrel
56%
8 - 4Pan Drapak
56%
11 - 12Stary Grot
56%
4 - 5Wilkołak
56%
14 - ArtefaktZmorzyca
56%
7 - 4 (1)Barciowe Widziadło
44%
7 - 4Bestia
44%
4 - 3Bies
44%
8 - 2Ge'els
44%
5 - 1Ghul
44%
12 - 1Jaga
44%
8 - 6Kejran
44%
13 - 9Keltullis
44%
9 - 4 (3)Królowa Kikimor
44%
10 - 6Królowa Krabopająków
44%
8 - 4Królowa Zimy
44%
8 - K. specjalnaKrwawa miazga
44%
11 - 7Krwawa Pani
44%
12 - 2Mammuna
44%
9 - 6Miruna
44%
14 - ArtefaktMroczny Sekret Dworzyszcza
44%
9 - K. specjalnaNaglfar
44%
4 - 7Nekker wojownik
44%
5 - 4Nekurat
44%
9 - 4Orianna
44%
7 - 2Pokutnik
44%
7 - 6Prządka
44%
6 - 6 (2)Stary Grot: Sen
44%
7 - 6Szepciucha
44%
13 - 10Ta, która wie
44%
9 - 7 (4)Troll Jaskiniowy
44%
12 - 6Ukryty
44%
Przewaga taktycznaUrna cieni
44%
14 - 7Wij
44%
5 - 4Alp
33%
4 - 4Archespor
33%
6 - 6Barbegazi
33%
5 - 5Barghest
33%
9 - 4Caranthir Ar-Feiniel
33%
4 - 4Endriaga wojownik
33%
10 - 7Eredin Breacc Glas
33%
6 - 4Fleder
33%
6 - 4Gael
33%
7 - 10Goliat
33%
5 - 3Jajo harpii
33%
9 - 5Katakan
33%
4 - 7 (3)Kikimora robotnica
33%
8 - 3Królewicz Ropuch
33%
4 - K. specjalnaKrwawa uczta
33%
11 - 5Kuchta: Rytuał
33%
6 - 2 (1)Larwa endriagi
33%
5 - 7Lodowy gigant
33%
4 - 4Mglak
33%
4 - 3Ogar Dzikiego Gonu
33%
4 - 4Oszluzg
33%
6 - K. specjalnaPasożyt
33%
9 - 4Protofleder
33%
10 - 5Prządka: Inkantacja
33%
9 - ArtefaktPrzeraza: Uśpiona
33%
10 - K. specjalnaSabat Czarownic
33%
5 - 5Sukkub
33%
4 - 3Syrena
33%
7 - 6Szarpiskrzydło
33%
6 - 6Szczurołak
33%
7 - 9Szczurołapka
33%
8 - 2Szepciucha: Trybut
33%
5 - 4Uczennica Wiedźmy
33%
4 - 4Wąpierz
33%
4 - 4Widłogon
33%
9 - 6Żagnica
33%
5 - K. specjalnaAtak z powietrza
22%
5 - 5Chimera
22%
5 - 4Cyklop
22%
10 - 6Dettlaff van der Eretein
22%
8 - ArtefaktDol Dhu Lokke
22%
4 - 4Garkain
22%
7 - 7Idr
22%
5 - 6Inkub
22%
9 - 4Jennik
22%
5 - 4Jeździec Gonu
22%
6 - 3Jotunn
22%
4 - 3Kikimora wojownik
22%
7 - 3Kotołak
22%
6 - 6 (2)Królowa Endriag
22%
6 - 6Królowa Nocy
22%
10 - K. specjalnaKrwawa Klątwa
22%
7 - 5Mantikora Cesarska
22%
10 - 7Morowa dziewica
22%
8 - 6Morvudd
22%
4 - 7Najeźdźca Aen Elle
22%
4 - 3Nawigator Gonu
22%
8 - 5Nithral
22%
7 - 11Pugo Łup-Łamacz
22%
6 - 5Samojadek
22%
6 - 4Starożytny Mglak
22%
8 - K. specjalnaSzepczące Wzgórze
22%
6 - 6Wilkołak Alfa
22%
6 - 4Wodnica
22%
8 - ArtefaktWolumin Nekromanty
22%
10 - 13Yghern
22%
5 - 1 (1)Załoga Naglfara
22%
5 - 5Zgnilec
22%
7 - 5Adda: Strzyga
11%
4 - 4Bezkost
11%
4 - K. specjalnaDobór naturalny
11%
4 - K. specjalnaGniazdo krabopająków
11%
5 - 5Harpia Celaeno
11%
4 - 4Hybryda
11%
4 - K. specjalnaKrwawa kukła
11%
4 - 4Kuroliszek
11%
4 - 4Lodowy troll
11%
4 - 4Nadzorczyni Naglfara
11%
4 - K. specjalnaOdrażająca uczta
11%
8 - 3Olbrzymi krabopająk
11%
4 - 5Pomniejsza Wiedźma
11%
4 - 4Pustynnica
11%
5 - K. specjalnaRuna Dziewanna
11%
5 - 5 (1)Siepacz Dzikiego Gonu
11%
5 - 4 (1)Stuchacz
11%
9 - 4Trollica
11%
4 - 4Troll mostowy
11%
4 - 4 (1)Vran Wojownik
11%
5 - 3Wielka Ropucha
11%
5 - 3Wiwerna
11%
4 - 3Wojownik Gonu
11%
7 - 1 (4)Żalnica
11%
8 - K. specjalnaArd Gaeth
0%
5 - K. specjalnaCzerwoni jeźdźcy
0%
5 - 5Gan Ceann
0%
4 - 4Jaja endriag
0%
4 - 3Ludożerna Owocnia
0%
8 - 6 (2)Pancerny Krabopająk
0%
4 - 4Przeklęta Dama
0%
5 - K. specjalnaSpontaniczna ewolucja
0%

Rozkład punktacji

Percentyl według liczby udzielonych odpowiedzi

Procent ludzi z każdym wynikiem

Twoja historia wyników

Nie rozwiązałeś tego quizu